| 000 | 00705 a2200193 4500 | ||
|---|---|---|---|
| 003 | CBULib | ||
| 005 | 20240129075153.0 | ||
| 008 | 240126b |||||||| |||| 00| 0 eng d | ||
| 040 |
_aCBULib _bEnglish _cCBULib _dCBULib _erda |
||
| 050 | _aCBU-PG THESIS/CHI | ||
| 100 | _aChimbaya, Samuel | ||
| 245 |
_aPreparation, characterization and optimization of adsorption parameters for the removal of methylene blue by chemically activated butternut peel carbon _c/by Chibaya Samuel |
||
| 260 |
_bCopperbelt University _c2021 _aKitwe |
||
| 300 | _avii, 39pages : illustrations | ||
| 336 |
_2rdacontent _aText | _btxt |
||
| 337 |
_2rdamedia _aUnmediated | _bn |
||
| 338 |
_2rdacarrier _aVolume _bnc |
||
| 942 |
_2mc _c030 |
||
| 999 |
_c84224 _d84224 |
||